Представление документа в формате RUSMARC

Поле Инд. ПП Название Значение
Тип записи a
Библиографический уровень a
001 Контрольный номер a6e611d72508406eab42eb39bd36af48
005 Дата корректировки 20181120134542.7
100 a Данные общей обработки 20180904 ||| 0rusy0189 ca
101 0_ a Язык текста rus
102 a Страна публикации RU
200 1_ f Первые сведения об ответственности Н.А Поветкина
a Заглавие Правовое регулирование налогообложения проживания туристов (курортного сбора) в Италии и России (опыт и современное состояние)
210 d Дата издания 2018
461 _0 1 2000
a Финансовое право
463 _0 1 2000
a №3
v С. 3-8
1 2101
d 2018
1 001f7422449731e43cf913855f956dba012
606 a Основная рубрика Финансовое право
610 0_ a Ключевые слова БЕЗОПАСНОСТЬ ЭКОНОМИЧЕСКАЯ
a Ключевые слова КОРРУПЦИЯ
a Ключевые слова ПРЕСТУПЛЕНИЕ ПРОФИЛАКТИКА
700 _1 a Фамилия Поветкина
b Имя Н.А
801 _0 a Страна RU
b Организация РГУП
c Дата составления 20180904
g Правила каталогизации PSBO
801 _1 a Страна RU
b Организация РГУП
c Дата составления 20180904
g Правила каталогизации PSBO
901 t Тип документа b
w Контрольный № источника f7422449731e43cf913855f956dba012
905 a Дата ввода 20180904